Geografia Rumunii i Mołdawii od A do Z - Statystyki

Ogólne statystyki
  • Ten quiz został rozwiązany 22 razy
  • Średni wynik to 15 z 22
Statystyki odpowiedzi
Hint Odpowiedź % Poprawnych
B Które miasto jest stolicą Rumunii? Bukareszt
100%
C Które morze tworzy wschodnie wybrzeże Rumunii? Czarne
100%
U Z jakim krajem od północny graniczy zarówno Rumunia jak i Mołdawia Ukraina
94%
D Która rzeka stanowi naturalną granicę między Rumunią a Bułgarią? Dunaj
88%
I Niecałe 50% mieszkańców Mołdawii ma dostęp do tego medium. Internet
88%
K Które miasto jest stolicą Mołdawii? Kiszyniów
88%
F W 2020 roku na rumuńskim torze Imola po 14 latach przerwy odbył się wyścig samochodowy tej klasy Formuła 1
82%
M Jaka forma rządów panowała w Rumunii w latach 1881–1947? Monarchia
82%
N Jaką nazwę nosi okupowany przez wojska rosyjskie region Mołdawii? Naddniestrze
82%
O Jakie zwierze mające na piersi tarczę z mołdawskim turem znajduje się w herbie Mołdawii? Orzeł
82%
S Z jakim krajem Rumunia graniczy od zachodu? Serbia
82%
T Jaką nazwę region Rumunii znany z opowieści o wampirach, często nazywany również Siedmiogrodem? Transylwania
82%
Z Od którego kraju w 1991 roku Mołdawia proklamowała swoją niepodległość? Związek Radziecki
76%
J Rumunia może pochwalić się dużą populacją tego "rogatego" ssaka. Jeleń
71%
L Jaką nazwę nosi obowiązująca w Rumunii waluta? Lej rumuński
65%
H Deșteaptă-te, române to tytuł rumuńskiego...? Hymn
59%
E Pomimo, że budowa tego obiektu przemysłowego niedaleko rumuńskiego miasta Cernavodă zaczęła się w latach 80'tych XX wieku zakończoną ją dopiero w 2007 roku. -jest to jedyny tego typu obiekt w całym kraju. Elektrownia atomowa
53%
R Do jakiej grupy języków europejskich zalicza się rumuński? Romańskich
47%
W Hospodarem którego region historycznego regionu Rumunii był Wład Palownik, często również nazywany Draculą? Wołoszczyzna
35%
G Jaką nazwę nosi autonomiczna część Mołdawii zamieszkana głównie przez turkijskojęzycznych chrześcijan prawosławnych? Gagauzja
24%
P Jaką nazwę nosi znajdująca się w rumuńskiej stolicy konstrukcja o przeszło 330 003 m² zbudowana dla Nicolae Ceaușescu? -dawniej Dom Ludu? Pałac parlamentarny
18%
A Jaką nazwę nosi rzeka przepływająca przez Rumunię, która między Górami Fogaraskimi i Górami Sybińskimi tworzy głęboki tzw. Przełom Czerwonej Wieży? Aluta
6%
Nie znaleziono quizów pasujących do podanych kryteriów
Rozkład punktacji
Procent ludzi z każdym wynikiem
Percentyl według liczby udzielonych odpowiedzi
Twoja historia wyników
Nie rozwiązałeś tego quizu